Дело о распоряжениях Дирекции по репертуарной части

Доступно только в Электронных читальных залах Найти на картеНа карте
RUSMARC
00003706nmc2a22002413x 450
00131b0e50f-ffa0-4a21-b1c0-17a4824d4425
00520210713233535.0
100##$a20210209l19031903k l0rusy0189 ca
1010#$arus
102##$aRU
105##$ay###
1222#$ad
2001#$aДело о распоряжениях Дирекции по репертуарной части
$j9-11 декабря 1903 г.
215##$a4 л.
$d36,5х26 см
251##$cДело
300##$aПо Санкт-Петербургской конторе Дирекции императорских театров
371##$aДокумент не является опубликованным и широко распространяемым
461#0$10019264ebf8-de62-4f1a-9eb4-9f22098dbbd5
$12001
$aДирекция императорских театров МИДв
$1251
$cФонд
$1852
$j497
462#0$1001ff15f5e8-b5fa-4fe1-bbcd-275cd0305ec2
$12001
$aДела Санкт-Петербургской конторы Дирекции императорских театров и дела Московской конторы Дирекции императорских театров
$1251
$cОпись
$1852
$j10
801#0$aRU
$bРГИА
$c20210209
$gRCR
801#1$aRU
$bГлавНИВЦ
$c20210209
$2rusmarc
801#2$aRU
$bПБ им. Б.Н. Ельцина
$c20210713
$gRCR
$2rusmarc
850##$aРГИА
852##$aРГИА
$eФедеральное казенное учреждение "Российский государственный исторический архив" (РГИА)
$j805
937##$hРГИА
$d12357667
$aASBIBLIO_SCAN
035##$aRusGRCC00022338
856##$uhttp://readingroom.main.prlib.ru/item.aspx?id_node=n166040675&mode=full
Формат отображения